[Event "38th ECC Open 2023"]
[Site "Durres ALB"]
[Date "2023.10.04"]
[Round "4.8"]
[Board "2"]
[White "Ondozi, Murtez"]
[Black "Salles, Louis"]
[Result "1-0"]
[WhiteTitle "FM"]
[BlackTitle "FM"]
[WhiteElo "2387"]
[BlackElo "2318"]
[WhiteTeam "Chess Club Drejtesia-Trokadero"]
[BlackTeam "CE Le Cavalier Differdange"]
[WhiteFideId "937576"]
[BlackFideId "20641826"]
[EventDate "2023.10.01"]

1. d4 d5 2. Nf3 Nf6 3. c4 c6 4. e3 Bg4 5. Qb3 Qb6 6. Nc3 e6 7. Be2 Nbd7 8. Bd2
h6 9. O-O Be7 10. h3 Bf5 11. Rfc1 O-O 12. cxd5 exd5 13. Na4 Qc7 14. Qd1 Ne4 15.
Be1 Rfe8 16. b4 a6 17. Nc5 Bd6 18. a4 g5 19. Nd2 Ndf6 20. Ndxe4 dxe4 21. Rab1
Qc8 22. b5 axb5 23. axb5 Re7 24. bxc6 bxc6 25. Bf1 Bg6 26. Na4 Rb8 27. Rxb8 Bxb8
28. g3 Qe8 29. Qb3 h5 30. Qb6 Rc7 31. Nc5 Nd5 32. Qb3 Ba7 33. Na6 Re7 34. Qa4
Re6 35. Nc7 Nxc7 36. Qxa7 Nd5 37. Rb1 Kh7 38. Rb8 Qe7 39. Qa6 Qf6 40. Qc8 Qg7
41. Qd8 Kh6 42. Bc4 f6 43. Qa5 Bf7 44. Qc5 h4 45. g4 f5 46. gxf5 Rf6 47. Be2 g4
48. Qf8 gxh3+ 49. Qxg7+ Kxg7 50. Bg4 Ne7 51. Kh2 Nxf5 52. Bxh3 Bd5 53. Re8 Nd6
54. Re7+ Kg6 55. Kg2 Nf7 56. Ba5 Ng5 57. Bg4 h3+ 58. Kg3 h2 59. Kxh2 Rxf2+ 60.
Kg3 Rf1 61. Kg2 Ra1 62. Bc7 Nf3 63. Kf2 Ra2+ 64. Kg3 Nh2 65. Bh3 Nf3 66. Bf4 Ra3
67. Bd6 Rxe3 68. Kf4 Re1 69. Bf5+ Kf6 70. Ra7 Rf1 71. Bh3 Rh1 72. Be5+ Nxe5 73.
dxe5+ 1-0

[Event "38th ECC Open 2023"]
[Site "Durres ALB"]
[Date "2023.10.04"]
[Round "4.8"]
[Board "3"]
[White "Cahen, Alexis"]
[Black "Asllani, Muhamet"]
[Result "1-0"]
[WhiteElo "2049"]
[BlackElo "2228"]
[WhiteTeam "CE Le Cavalier Differdange"]
[BlackTeam "Chess Club Drejtesia-Trokadero"]
[WhiteFideId "26076918"]
[BlackFideId "22100300"]
[EventDate "2023.10.01"]

1. d4 Nf6 2. Nf3 d5 3. Bf4 c6 4. e3 Qb6 5. Qc1 Bf5 6. c4 Bxb1 7. Rxb1 e5 8. Nxe5
Bb4+ 9. Ke2 O-O 10. a3 Be7 11. c5 Qd8 12. f3 Nh5 13. Bg3 Nd7 14. Nxd7 Qxd7 15.
Kf2 Rfe8 16. Bd3 Bg5 17. Re1 f5 18. Be5 f4 19. exf4 Bh4+ 20. Kg1 Bxe1 21. Qxe1
Nxf4 22. Bxh7+ Kxh7 23. Qh4+ Kg8 24. Qxf4 b6 25. b4 Re6 26. Qg4 Qf7 27. Re1 b5
28. f4 Rg6 29. Qh3 a5 30. bxa5 Rxa5 31. Bd6 Ra8 32. Re5 Qf6 33. Qe3 b4 34. f5
Rh6 35. Be7 Qf7 36. axb4 Ra1+ 37. Kf2 Rxh2 38. Kg3 Qh5 39. Qf3 Qh6 40. Re2 Rg1
41. Qg4 Rhh1 42. Bh4 Re1 43. Rxe1 Rxe1 44. Bg5 Qh7 45. Bf4 Kf7 46. b5 cxb5 47.
c6 Re8 48. c7 b4 49. Be5 g5 50. Kf2 Ra8 51. Qxg5 Re8 52. Qf6+ Kg8 53. c8=Q 1-0

[Event "38th ECC Open 2023"]
[Site "Durres ALB"]
[Date "2023.10.04"]
[Round "4.8"]
[Board "4"]
[White "Idrizaj, Abedin"]
[Black "Favier, Alain"]
[Result "1/2-1/2"]
[WhiteElo "2247"]
[BlackElo "2023"]
[WhiteTeam "Chess Club Drejtesia-Trokadero"]
[BlackTeam "CE Le Cavalier Differdange"]
[WhiteFideId "4672046"]
[BlackFideId "20670532"]
[EventDate "2023.10.01"]

1. e4 c5 2. c3 d5 3. exd5 Qxd5 4. d4 e6 5. Nf3 Nf6 6. Be2 Nc6 7. O-O Be7 8. h3
O-O 9. Be3 cxd4 10. cxd4 Rd8 11. Nc3 Qa5 12. Qb3 a6 13. Rac1 Qb4 14. Qc2 Qd6 15.
a3 h6 16. Rfd1 Nd5 17. Nxd5 exd5 18. Qd2 Bf5 19. Bf4 Qg6 20. Bg3 Be4 21. Qe3 Bf6
22. Bf1 Re8 23. Ne5 Nxe5 24. dxe5 Bg5 25. f4 Bd8 26. Kh2 f6 27. Qb3 fxe5 28.
fxe5 Bg5 29. Rc7 Rad8 30. Bd3 Kh8 31. Rxb7 Rxe5 32. Rb6 Re6 33. Rxe6 Qxe6 34.
Bxe4 Qxe4 35. Qd3 Qxd3 36. Rxd3 Bf6 37. b4 Kg8 38. Kg1 Kf7 39. Kf2 Ke6 40. Kf3
Rc8 41. Re3+ Kf5 42. Rd3 d4 43. Bf4 Rc2 44. g4+ Ke6 45. Ke4 g5 46. Bg3 Re2+ 1/2-1/2

[Event "38th ECC Open 2023"]
[Site "Durres ALB"]
[Date "2023.10.04"]
[Round "4.8"]
[Board "5"]
[White "Dahdah, Nagib"]
[Black "Zymberi, Astrit"]
[Result "1/2-1/2"]
[WhiteElo "2073"]
[BlackElo "2079"]
[WhiteTeam "CE Le Cavalier Differdange"]
[BlackTeam "Chess Club Drejtesia-Trokadero"]
[WhiteFideId "4003420"]
[BlackFideId "4700295"]
[EventDate "2023.10.01"]

1. e4 c5 2. b3 e6 3. Bb2 a6 4. f4 Nc6 5. Nf3 d5 6. e5 Nge7 7. Be2 h5 8. O-O b5
9. a4 b4 10. c3 d4 11. cxd4 cxd4 12. d3 Nf5 13. Nbd2 Ne3 14. Qc1 Nxf1 15. Qxc6+
Bd7 16. Qe4 Nxd2 17. Nxd2 Rc8 18. Bxd4 Bc6 19. Qe3 Bd5 20. Nc4 Bxc4 21. bxc4
Qxd4 22. Qxd4 Bc5 23. Qxc5 Rxc5 24. d4 Rc7 25. c5 a5 26. Kf2 Ke7 27. Bb5 f6 28.
Ke3 fxe5 29. fxe5 g5 30. Rc1 h4 1/2-1/2

[Event "38th ECC Open 2023"]
[Site "Durres ALB"]
[Date "2023.10.04"]
[Round "4.8"]
[Board "6"]
[White "Fejzullahu, Afrim"]
[Black "Jacques, Robert"]
[Result "1/2-1/2"]
[WhiteTitle "FM"]
[WhiteElo "2190"]
[BlackElo "2041"]
[WhiteTeam "Chess Club Drejtesia-Trokadero"]
[BlackTeam "CE Le Cavalier Differdange"]
[WhiteFideId "905631"]
[BlackFideId "603643"]
[EventDate "2023.10.01"]

1. e4 e6 2. d4 d5 3. Nc3 dxe4 4. Nxe4 Bd7 5. Nf3 Bc6 6. Bd3 Nd7 7. O-O Ngf6 8.
Qe2 Bxe4 9. Bxe4 c6 10. Bd3 Be7 11. Bg5 O-O 12. c4 Re8 13. Rad1 Nf8 14. h4 N6d7
15. g3 Bxg5 16. hxg5 Qc7 17. Rfe1 Rad8 18. Bc2 Qb8 19. b4 a5 20. bxa5 c5 21. Rb1
Qa7 22. dxc5 Qxa5 23. Rxb7 Nxc5 24. Rb5 Qc7 25. Qe5 Rc8 26. a4 Ncd7 27. Qxc7
Rxc7 28. Nd2 Ra8 29. a5 Nc5 30. Ra1 Nfd7 31. Kg2 g6 32. Ne4 Ra6 33. Rd1 Kf8 34.
Nxc5 Nxc5 35. Rd8+ Ke7 36. Rh8 Nb7 37. Bd3 Rxa5 38. Rxh7 Kd6 39. Bxg6 Rxb5 40.
cxb5 fxg6 41. Rh8 Ke5 42. Rf8 Nd6 43. f4+ Ke4 44. Rf6 Rc2+ 45. Kh3 Kf3 46. Rxe6
Rc1 47. Kh2 Rc2+ 48. Kh3 1/2-1/2

[Event "38th ECC Open 2023"]
[Site "Durres ALB"]
[Date "2023.10.04"]
[Round "4.9"]
[Board "1"]
[White "Pultinevicius, Paulius"]
[Black "Mikhalevski, Victor"]
[Result "1-0"]
[WhiteTitle "GM"]
[BlackTitle "GM"]
[WhiteElo "2586"]
[BlackElo "2527"]
[WhiteTeam "MRU - ROSK Consulting"]
[BlackTeam "Beer Sheva Chess Club"]
[WhiteFideId "12809390"]
[BlackFideId "2801914"]
[EventDate "2023.10.01"]

1. d4 Nf6 2. c4 g6 3. Nc3 d5 4. Nf3 Bg7 5. Qb3 dxc4 6. Qxc4 O-O 7. Bf4 Na6 8. e4
c5 9. Rd1 Bg4 10. dxc5 Qa5 11. c6 Nb4 12. cxb7 Rad8 13. Rxd8 Rxd8 14. b8=Q Nc2+
15. Ke2 Rxb8 16. Bxb8 Qb6 17. Kd1 Nd4 18. Bc7 Qxb2 19. Qxd4 Nd5 20. Qxd5 Bxc3
21. Bf4 Be6 22. Qb5 Qxa2 23. Qb8+ Kg7 24. Be5+ f6 25. Bxc3 Bb3+ 26. Ke1 Qc2 27.
Bxf6+ exf6 28. Qxa7+ Kg8 29. Qa1 1-0

[Event "38th ECC Open 2023"]
[Site "Durres ALB"]
[Date "2023.10.04"]
[Round "4.9"]
[Board "2"]
[White "Kobo, Ori"]
[Black "Klabis, Rokas"]
[Result "1-0"]
[WhiteTitle "GM"]
[BlackTitle "FM"]
[WhiteElo "2551"]
[BlackElo "2419"]
[WhiteTeam "Beer Sheva Chess Club"]
[BlackTeam "MRU - ROSK Consulting"]
[WhiteFideId "2812320"]
[BlackFideId "12805246"]
[EventDate "2023.10.01"]

1. d4 Nf6 2. Nf3 e6 3. e3 b6 4. Bd3 Bb7 5. O-O Be7 6. c4 c5 7. Nc3 d6 8. d5 exd5
9. cxd5 O-O 10. e4 Ba6 11. Re1 Bxd3 12. Qxd3 Nbd7 13. Bf4 Nh5 14. Be3 a6 15. a4
Re8 16. g3 Bf6 17. Nd2 g6 18. f4 Bh8 19. Kg2 Qc7 20. h3 Ng7 21. g4 Rf8 22. Bf2
Qb7 23. Bg3 Rfd8 24. Nc4 Ne8 25. e5 Nf8 26. Qf3 b5 27. Na5 Qc7 28. axb5 axb5 29.
Nc6 b4 30. Ne4 dxe5 31. Rxa8 Rxa8 32. fxe5 Ne6 33. dxe6 fxe6 34. Rf1 1-0

[Event "38th ECC Open 2023"]
[Site "Durres ALB"]
[Date "2023.10.04"]
[Round "4.9"]
[Board "3"]
[White "Sakalauskas, Vaidas"]
[Black "Steinberg, Nitzan"]
[Result "0-1"]
[WhiteTitle "IM"]
[BlackTitle "GM"]
[WhiteElo "2344"]
[BlackElo "2543"]
[WhiteTeam "MRU - ROSK Consulting"]
[BlackTeam "Beer Sheva Chess Club"]
[WhiteFideId "12800457"]
[BlackFideId "2801795"]
[EventDate "2023.10.01"]

1. d4 d5 2. c4 c6 3. Nf3 Nf6 4. Nbd2 Bf5 5. Nh4 Be4 6. Qb3 Nbd7 7. f3 Bg6 8.
cxd5 cxd5 9. e4 dxe4 10. Nxg6 hxg6 11. Bc4 e6 12. fxe4 Be7 13. O-O Nb6 14. Bb5+
Kf8 15. Qd3 Rc8 16. b3 Kg8 17. Bb2 Rh5 18. Bc4 Rc7 19. Rad1 a6 20. Qf3 Bb4 21.
h3 Ra5 22. a4 Qd7 23. Bc3 Bxc3 24. Qxc3 Rh5 25. Qe3 Qe7 26. Be2 Ra5 27. d5 Qc5
28. Qxc5 Raxc5 29. dxe6 fxe6 30. Nc4 Nxc4 31. Bxc4 Re5 32. Rd6 Kf7 33. Rfd1 Ke7
34. Rd8 Rxe4 35. Rb8 Nd7 36. Rg8 Kf7 37. Rd8 Ne5 38. Bd3 Re3 39. Kf2 Rxd3 40.
R1xd3 Nxd3+ 41. Rxd3 g5 42. Kf3 Kf6 43. Ke4 Rc5 44. Rd7 b5 45. axb5 Rxb5 46. Rd3
Rb4+ 47. Ke3 Ke5 48. Kf3 g6 49. Ke3 Re4+ 50. Kf3 Rb4 51. Ke3 g4 52. hxg4 Rxg4
53. Kf3 Rf4+ 54. Ke3 Rb4 55. Rc3 Kf5 56. Kf3 g5 57. Rc5+ e5 58. Rc3 g4+ 59. Ke3
Re4+ 60. Kf2 Rf4+ 61. Ke3 Rb4 62. g3 Rb5 63. Kd3 Rd5+ 64. Ke3 e4 65. Ke2 Ke5 66.
Ke3 Rb5 67. Ke2 Kd4 68. Rc8 a5 69. Rd8+ Kc3 70. Re8 Kxb3 71. Rxe4 Rb4 72. Re3+
Kc2 73. Re5 a4 74. Rc5+ Kb2 75. Kd2 a3 76. Rc2+ Kb3 77. Rc3+ Ka4 78. Rc8 Rb3 79.
Kc2 Rxg3 80. Ra8+ Kb4 81. Rb8+ Kc4 82. Rc8+ Kd4 83. Ra8 Ke4 84. Ra4+ Kf5 85.
Ra5+ Kf4 86. Kb1 Rf3 87. Ka2 0-1

[Event "38th ECC Open 2023"]
[Site "Durres ALB"]
[Date "2023.10.04"]
[Round "4.9"]
[Board "4"]
[White "Greenfeld, Alon"]
[Black "Vedrickas, Tautvydas"]
[Result "1-0"]
[WhiteTitle "GM"]
[BlackTitle "FM"]
[WhiteElo "2455"]
[BlackElo "2329"]
[WhiteTeam "Beer Sheva Chess Club"]
[BlackTeam "MRU - ROSK Consulting"]
[WhiteFideId "2800039"]
[BlackFideId "12802654"]
[EventDate "2023.10.01"]

1. Nf3 Nf6 2. c4 g6 3. Nc3 Bg7 4. g3 O-O 5. Bg2 d6 6. d4 c6 7. O-O Qb6 8. c5
dxc5 9. Na4 Qd8 10. Nxc5 Nbd7 11. Nd3 Nb6 12. Re1 Bg4 13. Nde5 Bf5 14. Ng5 Ng4
15. e4 Nxe5 16. exf5 h6 17. Nh3 Nec4 18. fxg6 fxg6 19. Qg4 Qxd4 20. Re4 Qc5 21.
Qxg6 Rf6 22. Qg4 Rd8 23. Be3 Nxe3 24. Rxe3 Nd5 25. Re2 Rf7 26. Rd1 Rd6 27. Qc8+
Bf8 28. Rde1 Nb4 29. Nf4 Rxf4 30. gxf4 Nd3 31. Qg4+ Kh8 32. Rf1 Rf6 33. Re4 e5
34. b4 Qb6 35. Rxe5 Rxf4 36. Qg3 Qd4 37. Re8 Ne5 38. a3 Nd3 39. Rd1 Qxf2+ 40.
Qxf2 Nxf2 41. Rf1 1-0

[Event "38th ECC Open 2023"]
[Site "Durres ALB"]
[Date "2023.10.04"]
[Round "4.9"]
[Board "5"]
[White "Indriunas, Matas"]
[Black "Postny, Evgeny"]
[Result "0-1"]
[WhiteTitle "FM"]
[BlackTitle "GM"]
[WhiteElo "2326"]
[BlackElo "2568"]
[WhiteTeam "MRU - ROSK Consulting"]
[BlackTeam "Beer Sheva Chess Club"]
[WhiteFideId "12812897"]
[BlackFideId "2804344"]
[EventDate "2023.10.01"]

1. e4 c6 2. d4 d5 3. e5 Bf5 4. h4 h5 5. Bd3 Bxd3 6. Qxd3 Qa5+ 7. Nd2 e6 8. Nf3
Nh6 9. O-O Nf5 10. c4 Be7 11. g3 O-O 12. b3 Rd8 13. a4 c5 14. dxc5 Bxc5 15. Kg2
Nc6 16. cxd5 Rxd5 17. Qe4 Qb4 18. Re1 Rad8 19. Qc2 Ncd4 20. Qc4 Qb6 21. a5 Qc6
22. Ba3 Bxa3 23. Rxa3 Nc2 24. Qxc6 bxc6 25. Nc4 Nxa3 26. Nxa3 Rxa5 0-1

[Event "38th ECC Open 2023"]
[Site "Durres ALB"]
[Date "2023.10.04"]
[Round "4.9"]
[Board "6"]
[White "Huzman, Alexander"]
[Black "Setkauskas, Vaidas"]
[Result "1-0"]
[WhiteTitle "GM"]
[WhiteElo "2526"]
[BlackElo "2239"]
[WhiteTeam "Beer Sheva Chess Club"]
[BlackTeam "MRU - ROSK Consulting"]
[WhiteFideId "2803828"]
[BlackFideId "12803936"]
[EventDate "2023.10.01"]

1. d4 d5 2. Nf3 Nf6 3. c4 e6 4. g3 dxc4 5. Bg2 Nc6 6. Qa4 Bb4+ 7. Bd2 Nd5 8.
Bxb4 Nxb4 9. Nc3 Rb8 10. a3 Nd5 11. Qxc4 O-O 12. O-O Nxc3 13. Qxc3 Ne7 14. Rac1
c6 15. Ne5 Qc7 16. b4 a6 17. Rfd1 Bd7 18. Qc5 Ng6 19. Nc4 Rfd8 20. Qa5 Qxa5 21.
bxa5 Be8 22. Rb1 f6 23. e4 Bf7 24. e5 c5 25. dxc5 Rdc8 26. Nb6 Rc7 27. Nd7 Rd8
28. Nxf6+ gxf6 29. Rxd8+ Kg7 30. exf6+ Kxf6 31. Rc1 Ne5 32. f4 Ke7 33. Rdd1 Bh5
34. fxe5 Bxd1 35. Rxd1 Rxc5 36. Bxb7 Rxe5 37. Bxa6 Rxa5 38. Bd3 1-0

[Event "38th ECC Open 2023"]
[Site "Durres ALB"]
[Date "2023.10.04"]
[Round "4.10"]
[Board "1"]
[White "Sanal, Vahap"]
[Black "Nemeth, Miklos1"]
[Result "1-0"]
[WhiteTitle "GM"]
[BlackTitle "IM"]
[WhiteElo "2603"]
[BlackElo "2425"]
[WhiteTeam "Gokturk Chess Sport Club"]
[BlackTeam "SK Dunajska Streda"]
[WhiteFideId "6300545"]
[BlackFideId "720232"]
[EventDate "2023.10.01"]

1. d4 Nf6 2. Bg5 Ne4 3. Bf4 e6 4. Nd2 Nxd2 5. Qxd2 d5 6. Nf3 Bd6 7. e3 b6 8. Ne5
O-O 9. h4 c5 10. c3 Ba6 11. Bxa6 Nxa6 12. h5 Qc7 13. Qe2 c4 14. Qg4 Nc5 15. Rd1
Rfe8 16. h6 g6 17. Qh4 Ne4 18. f3 Be7 19. Qh2 Nd6 20. Ng4 Qd8 21. O-O f5 22. Ne5
Nf7 23. e4 Nxe5 24. Bxe5 Bf8 25. Rde1 b5 26. Re2 a5 27. g4 Qd7 28. Rfe1 b4 29.
Rg2 Ra6 30. Qh3 Re7 31. Rge2 Rf7 32. exf5 exf5 33. Bg3 fxg4 34. fxg4 bxc3 35.
bxc3 Rf3 36. Re8 Raf6 37. Qh4 Rf7 38. Kg2 Qa4 39. Bd6 Qc2+ 40. R1e2 Qd1 41. Qe1
Qd3 42. Bxf8 Rxf8 43. R2e7 Qc2+ 44. Kg1 Qf2+ 45. Qxf2 Rxf2 46. Rg7+ Kh8 47. Ree7 1-0

[Event "38th ECC Open 2023"]
[Site "Durres ALB"]
[Date "2023.10.04"]
[Round "4.10"]
[Board "2"]
[White "Bokros, Albert"]
[Black "Yilmaz, Mustafa"]
[Result "0-1"]
[WhiteTitle "IM"]
[BlackTitle "GM"]
[WhiteElo "2447"]
[BlackElo "2640"]
[WhiteTeam "SK Dunajska Streda"]
[BlackTeam "Gokturk Chess Sport Club"]
[WhiteFideId "710458"]
[BlackFideId "6302718"]
[EventDate "2023.10.01"]

1. e4 c5 2. Nf3 d6 3. d4 cxd4 4. Qxd4 Nc6 5. Bb5 Bd7 6. Qd3 Nf6 7. O-O a6 8.
Bxc6 Bxc6 9. Re1 e6 10. c4 b5 11. Nc3 bxc4 12. Qxc4 Bb7 13. e5 Nd5 14. exd6 Bxd6
15. Bg5 Qd7 16. Ne4 O-O 17. Nxd6 Qxd6 18. Qg4 Rfe8 19. Bh6 Qf8 20. Bd2 Rad8 21.
Ne5 f6 22. Nc4 Qf7 23. Rad1 h5 24. Qg3 e5 25. b3 Rd7 26. f3 Ne7 27. Ba5 Rxd1 28.
Rxd1 Nf5 29. Qf2 Qg6 30. Ne3 Nd4 31. Kf1 Bc6 32. Bb6 Bb5+ 33. Nc4 Nf5 34. Kg1 h4
35. h3 Re6 36. Ne3 Ng3 37. Bc5 Bd3 38. Kh2 Kh7 39. b4 Be2 40. Re1 Qd3 41. Kg1
Re8 42. f4 exf4 43. Qxf4 Re4 44. Qf2 Kg6 45. a4 f5 46. b5 axb5 47. axb5 f4 48.
Ng4 Bxg4 49. hxg4 Qxb5 50. Qc2 Qxc5+ 0-1

[Event "38th ECC Open 2023"]
[Site "Durres ALB"]
[Date "2023.10.04"]
[Round "4.10"]
[Board "3"]
[White "Can, Emre"]
[Black "Borhy, Marcell"]
[Result "1-0"]
[WhiteTitle "GM"]
[BlackTitle "IM"]
[WhiteElo "2576"]
[BlackElo "2390"]
[WhiteTeam "Gokturk Chess Sport Club"]
[BlackTeam "SK Dunajska Streda"]
[WhiteFideId "6302181"]
[BlackFideId "770787"]
[EventDate "2023.10.01"]

1. d4 d5 2. Nf3 Nf6 3. c4 e6 4. g3 Bb4+ 5. Bd2 Be7 6. Bg2 O-O 7. O-O Nbd7 8. Qc2
c6 9. Bf4 b6 10. Nbd2 Ba6 11. Rfe1 Nh5 12. Be3 Nhf6 13. Bg5 h6 14. Bxf6 Bxf6 15.
e4 Bb7 16. cxd5 cxd5 17. e5 Be7 18. Bf1 Rc8 19. Qa4 a6 20. Bd3 b5 21. Qd1 Qb6
22. Nf1 b4 23. h4 a5 24. Rc1 Ba6 25. Bb1 f5 26. exf6 Bxf6 27. Rxc8 Rxc8 28. Ne3
Nf8 29. Ng4 Be7 30. Nfe5 h5 31. Nh6+ gxh6 32. Qxh5 1-0

[Event "38th ECC Open 2023"]
[Site "Durres ALB"]
[Date "2023.10.04"]
[Round "4.10"]
[Board "4"]
[White "Varga, Zoltan"]
[Black "Gokerkan, Cem Kaan"]
[Result "1/2-1/2"]
[WhiteTitle "GM"]
[BlackTitle "GM"]
[WhiteElo "2356"]
[BlackElo "2515"]
[WhiteTeam "SK Dunajska Streda"]
[BlackTeam "Gokturk Chess Sport Club"]
[WhiteFideId "700509"]
[BlackFideId "6336760"]
[EventDate "2023.10.01"]

1. e4 c5 2. Nf3 d6 3. d4 cxd4 4. Qxd4 Nf6 5. h3 Nc6 6. Qe3 g6 7. Nc3 Bg7 8. Bc4
O-O 9. O-O Nd7 10. Rd1 Qb6 11. Qf4 Bxc3 12. bxc3 Nde5 13. Nxe5 Nxe5 14. Bd5 Be6
15. Be3 Qc7 16. Rab1 Bxd5 17. exd5 Qxc3 18. Rxb7 Qxc2 19. Rc1 Qxa2 20. Rxe7 Rfc8
21. Rf1 Rab8 22. Kh2 Re8 23. Qf6 Qb2 24. Rxe8+ Rxe8 25. Kh1 Rb8 26. Bxa7 Ra8 27.
Be3 Ra1 28. Qd8+ Kg7 29. Rxa1 Qxa1+ 30. Kh2 Nc4 31. Bf4 Qd4 32. Qh4 Kg8 33. Qd8+
Kg7 34. Bxd6 Nxd6 35. Qxd6 Qxf2 36. Qe5+ Qf6 37. Qc7 Qd4 38. d6 Qe5+ 39. Kh1
Qe1+ 40. Kh2 Qe5+ 41. Kh1 1/2-1/2

[Event "38th ECC Open 2023"]
[Site "Durres ALB"]
[Date "2023.10.04"]
[Round "4.10"]
[Board "5"]
[White "Kilic, Eray"]
[Black "Csonka, Attila Istvan"]
[Result "1-0"]
[WhiteTitle "IM"]
[BlackTitle "IM"]
[WhiteElo "2432"]
[BlackElo "2297"]
[WhiteTeam "Gokturk Chess Sport Club"]
[BlackTeam "SK Dunajska Streda"]
[WhiteFideId "44517173"]
[BlackFideId "716529"]
[EventDate "2023.10.01"]

1. e4 c5 2. Nf3 e6 3. d4 cxd4 4. Nxd4 Nc6 5. Nc3 Qc7 6. Be3 a6 7. a3 Nf6 8. f4
d6 9. Qf3 Be7 10. O-O-O e5 11. Nf5 Bxf5 12. exf5 Rc8 13. g4 exf4 14. Qxf4 Ne5
15. Rg1 d5 16. Qa4+ Qc6 17. g5 Nfd7 18. Rxd5 b5 19. Qe4 f6 20. gxf6 gxf6 21. Bd4
Rf8 22. Be2 1-0

[Event "38th ECC Open 2023"]
[Site "Durres ALB"]
[Date "2023.10.04"]
[Round "4.10"]
[Board "6"]
[White "Takacs, Laszlo"]
[Black "Ozen, Deniz"]
[Result "0-1"]
[WhiteTitle "FM"]
[BlackTitle "IM"]
[WhiteElo "2221"]
[BlackElo "2382"]
[WhiteTeam "SK Dunajska Streda"]
[BlackTeam "Gokturk Chess Sport Club"]
[WhiteFideId "14918854"]
[BlackFideId "6349196"]
[EventDate "2023.10.01"]

1. e4 Nf6 2. e5 Nd5 3. d4 d6 4. Nf3 g6 5. Bc4 Nb6 6. Bb3 Bg7 7. Qe2 Nc6 8. O-O
O-O 9. c3 Bg4 10. Bf4 dxe5 11. dxe5 Bxf3 12. gxf3 e6 13. Bg3 Nd7 14. f4 h5 15.
h4 Ne7 16. Nd2 Nf5 17. Nf3 Qe7 18. Rad1 Rad8 19. Ng5 Nc5 20. Bc2 Bh6 21. b4 Rxd1
22. Rxd1 Bxg5 23. fxg5 Nd7 24. Bxf5 exf5 25. e6 Nb6 26. Qe5 Qxe6 27. Qxe6 fxe6
28. Bxc7 Nd5 29. Be5 Rc8 30. Kf1 Rc4 31. Bd4 a6 32. a4 Kf7 33. Ke2 Rxc3 34. b5
Rc4 35. bxa6 bxa6 36. a5 e5 37. Ba1 Ke6 38. Kf3 Rxh4 39. Re1 Rh3+ 40. Kg2 Nf4+
41. Kg1 e4 42. Rb1 Ra3 43. Rb6+ Kd5 0-1

[Event "38th ECC Open 2023"]
[Site "Durres ALB"]
[Date "2023.10.04"]
[Round "4.11"]
[Board "1"]
[White "Baskin, Robert"]
[Black "Maksimovic, Bojan"]
[Result "1/2-1/2"]
[WhiteTitle "IM"]
[BlackTitle "IM"]
[WhiteElo "2451"]
[BlackElo "2502"]
[WhiteTeam "CE Gambit Bonnevoie"]
[BlackTeam "SK Zmaj"]
[WhiteFideId "24662402"]
[BlackFideId "14408120"]
[EventDate "2023.10.01"]

1. e4 c5 2. Nf3 e6 3. d4 cxd4 4. Nxd4 a6 5. Nc3 b5 6. Bd3 Bb7 7. O-O Nc6 8. Nxc6
Bxc6 9. Re1 Qb8 10. Nd5 Bd6 11. Qh5 h6 12. e5 Ne7 13. exd6 Nxd5 14. Qe5 Kf8 15.
b3 Nb4 16. Be4 Qd8 17. Bd2 Bxe4 18. Qxe4 Nc6 19. a4 f6 20. axb5 axb5 21. h4 Kf7
22. h5 f5 23. Rxa8 Qxa8 24. Qd3 Rg8 25. Qxb5 g6 26. Qa4 Qxa4 27. hxg6+ Rxg6 28.
bxa4 e5 29. Bc3 e4 30. a5 Rg8 31. Rb1 Ke6 32. Rb5 f4 33. Rh5 f3 34. Rxh6+ Kd5
35. g3 Rb8 36. Rh5+ Kxd6 37. Bd2 Rb1+ 38. Kh2 Rb2 39. Bf4+ Ke6 40. Rh6+ Ke7 41.
Rh7+ Ke6 42. Rh6+ Ke7 43. Rh7+ 1/2-1/2

[Event "38th ECC Open 2023"]
[Site "Durres ALB"]
[Date "2023.10.04"]
[Round "4.11"]
[Board "2"]
[White "Stankovic, Milos"]
[Black "Petursson, Margeir"]
[Result "1/2-1/2"]
[WhiteTitle "IM"]
[BlackTitle "GM"]
[WhiteElo "2464"]
[BlackElo "2405"]
[WhiteTeam "SK Zmaj"]
[BlackTeam "CE Gambit Bonnevoie"]
[WhiteFideId "938190"]
[BlackFideId "2300028"]
[EventDate "2023.10.01"]

1. e4 c5 2. Nf3 d6 3. d4 cxd4 4. Nxd4 Nf6 5. Nc3 a6 6. f4 e5 7. Nb3 Nc6 8. f5
Be7 9. g4 h6 10. Be3 h5 11. h3 hxg4 12. Qd2 g6 13. fxg6 fxg6 14. Qg2 Kf7 15.
Bc4+ Kg7 16. h4 b5 17. Be2 b4 18. Na4 Rb8 19. O-O-O Qc7 20. Bg5 Bd7 21. Bxf6+
Bxf6 22. Bxg4 Be8 23. h5 Ne7 24. Rdf1 Bxa4 25. Be6 Rbf8 26. Rf3 Bd7 27. Bd5 Rh6
28. hxg6 Rxh1+ 29. Qxh1 Nxg6 30. Rg3 Rh8 31. Qg1 Rh6 32. Nd2 Qc5 33. Qg2 Qc8 34.
Nc4 Qc5 35. Nd2 Qc8 36. Nc4 Qc5 37. Nd2 1/2-1/2

[Event "38th ECC Open 2023"]
[Site "Durres ALB"]
[Date "2023.10.04"]
[Round "4.11"]
[Board "3"]
[White "Geske, Julian"]
[Black "Gagunashvili, Merab"]
[Result "0-1"]
[WhiteTitle "IM"]
[BlackTitle "GM"]
[WhiteElo "2390"]
[BlackElo "2550"]
[WhiteTeam "CE Gambit Bonnevoie"]
[BlackTeam "SK Zmaj"]
[WhiteFideId "24605263"]
[BlackFideId "13601652"]
[EventDate "2023.10.01"]

1. e4 c5 2. Nf3 e6 3. Nc3 a6 4. d4 cxd4 5. Nxd4 b5 6. Bd3 Bb7 7. O-O b4 8. Nce2
Qc7 9. Ng3 Nf6 10. Re1 Bc5 11. c3 bxc3 12. bxc3 Nc6 13. Nb3 Bd6 14. c4 h5 15.
Bb2 h4 16. Nf1 h3 17. g3 Be5 18. Ba3 Bxa1 19. Qxa1 Ne5 20. Qd1 d6 21. Qe2 O-O
22. Nfd2 Rfe8 23. Bb2 d5 24. Bxe5 Qxe5 25. Na5 Rab8 26. Nf3 Qc7 27. Nxb7 dxe4
28. Bxe4 Nxe4 29. Qxe4 Qxb7 30. Qg4 Red8 31. Nh4 Qb1 32. Rf1 Qxa2 33. Qxh3 Qxc4 0-1

[Event "38th ECC Open 2023"]
[Site "Durres ALB"]
[Date "2023.10.04"]
[Round "4.11"]
[Board "4"]
[White "Krstulovic, Alex"]
[Black "Godart, Francois"]
[Result "0-1"]
[WhiteTitle "IM"]
[BlackTitle "IM"]
[WhiteElo "2433"]
[BlackElo "2375"]
[WhiteTeam "SK Zmaj"]
[BlackTeam "CE Gambit Bonnevoie"]
[WhiteFideId "760056"]
[BlackFideId "208078"]
[EventDate "2023.10.01"]

1. d4 d5 2. c4 e6 3. Nc3 a6 4. cxd5 exd5 5. Nf3 c6 6. Qc2 Nf6 7. Bg5 Be6 8. e3
h6 9. Bh4 Nbd7 10. Bd3 Be7 11. O-O O-O 12. Kh1 Rc8 13. Nd2 c5 14. f4 Ng4 15.
Bxe7 Qxe7 16. Rae1 f5 17. Qd1 c4 18. Bb1 b5 19. a3 Nb6 20. Nf3 Qe8 21. Ne5 h5
22. Qd2 a5 23. Ne2 Na4 24. Qxa5 Nxb2 25. Nc3 Rb8 26. Bc2 Na4 27. Bxa4 bxa4 28.
Nxd5 Nxe5 29. Nc7 Nc6 30. Qc5 Qd7 31. Nxe6 Qxe6 32. d5 Qe4 33. Qxc6 Rfc8 34.
Qxa4 Qxd5 35. Rd1 Qe6 36. Qa7 c3 37. Rd7 Qf6 38. Rc7 Kh7 39. Rc1 c2 40. Qc5 Rb1 0-1